000 00231nam a2200097Ia 4500
008 170619s9999 xx 000 0 und d
100 _aBeerjohanson
245 0 _aVector Mechanical Engg. Static
260 _bNew Delhi: TMH
260 _c1972
546 _aENGLISH
999 _c16497
_d16497